Der Streit um den Sergeanten Grischa
| Titel: | Der Streit um den Sergeanten Grischa : Roman / Arnold Zweig |
|---|---|
| Verfasser: | |
| Veröffentlicht: | Berlin : BFDS, Bibliothek fortschrittlicher Deutscher Schriftsteller, 1950 |
| Umfang: | 503 Seiten |
| Format: | Buch |
| Sprache: | Deutsch |
| RVK-Notation: |
·
|
| Hinweise zum Inhalt: |
Inhaltsverzeichnis
|
X
alg: 36529830 001A $00004:13-10-15 001B $01999:04-06-25 $t18:36:35.000 001D $00004:13-10-15 001U $0utf8 001X $00 002@ $0Aau 002C $aText $btxt $2rdacontent 002D $aohne Hilfsmittel zu benutzen $bn $2rdamedia 002E $aBand $bnc $2rdacarrier 003@ $0365298301 003O $0925474418 $aOCoLC 007A $0365298301 $aHEB 007G $0DE020A4C834D5A90DC784C1258668002B82B6 009P $qapplication/pdf $A2 $3Inhaltsverzeichnis $uhttp://scans.hebis.de/HEBCGI/show.pl?36529830_toc.pdf $mV:DE-603;B:DE-Mb50 010@ $ager 011@ $a1950 013D $71071854844 $8Fiktionale Darstellung [Tsz] $9359645615 021A $aDer @Streit um den Sergeanten Grischa $dRoman $hArnold Zweig 028A $BVerfasser $RZweig, Adam $RZweig, Adolf $RSpandow, Bianca von $RZweig, Michael Adam $#Zweig, Arnold $#Ṣwayg, Arnôld $#Cvejg, Arnol'd $#Cwejg, Arnolʹd $#Cvejg, Arnolʹd $#Tsṿaig, Arnold $#Tsṿaig, A. $#צוויג, ארנולד $4aut $7118637452 $8Zweig, Arnold$Z1887-1968 [Tp1] $908697839X 033A $pBerlin $nBFDS, Bibliothek fortschrittlicher Deutscher Schriftsteller 034D $a503 Seiten 037A $aLizenzausgabe des Aufbau-Verlags 044K $RAuswanderung $RVertreibung $#Escapes $#Évasions $#Flucht $#Flucht $#Entweichen Flucht $#Entfliehen $74017598-4 $8Flucht [Ts1] $9085041114 044K $RStrafe $RHinrichtung $RTodeskandidat $RTodeskandidatin $#Capital punishment $#Peine de mort $#Pena di morte $#Pena de muerte $#Todesstrafe $#Todesstrafe $74060306-4 $8Todesstrafe [Ts1] $9085167495 044K $RWeltkrieg $#World War, 1914-1918 $#Guerre mondiale (1914-1918) $#Weltkrieg 1914-1918 $#1. Weltkrieg $#I. Weltkrieg $#Weltkrieg I $74079163-4 $8Erster Weltkrieg [Tsz] $9085224588 044K $RKriegsgefangener $RRussen $#Prisonniers de guerre soviétiques $#Sowjetischer Kriegsgefangener $#Russen in Kriegsgefangenschaft $74138103-8 $8Russischer Kriegsgefangener [Ts1] $9085520373 044K $#Trials $#Procès $#Rechtsstreit $#Rechtsstreit $#Rechtsstreitigkeit $74139832-4 $8Rechtsstreit [Ts1] $9085533947 044K $#Ober Ost Verwaltungsregion $#Russland, Weltkrieg <1914-1918>, Besetzte Gebiete $74323019-2 $8Oberost [Tg1] $9086783416 045F $a355.00947109041 $eDDC23BSB 045F/01 $a355.009 045F/03 $f09041 045F/03 $g437 045F/03 $g43 045F/03 $g471 045R $aGeschichte 1917 045Z $8GM 7495 [Tkv] $9408433434 045Z $8GM 7496 [Tkv] $9408433442 lok: 36529830 24 exp: 36529830 24 1 #EPN 201B/01 $008-12-20 $t14:12:12.000 201C/01 $008-10-20 201U/01 $0utf8 203@/01 $01124746692 208@/01 $a08-12-20 $bz 209A/01 $a20.04007 $du $f050 $h20 04007 $x00 209C/01 $a20.04007 G $h20 04007 G 209G/01 $a74197965 $x00 220C/01 $ahae 244Z/01 $#Schlesien $#Schlesien $#Herzogtum Schlesien $#Herzogtum Schlesien Schlesien $#Provinz Schlesien $#Śla̜sk $#Slezsko $#Silesia $74052678-1 $8--Tg1--Schlesien $x01 $9085146781 247C/01 $8358050-7Marburg, Bibliothek des Herder-Instituts Marburg $9102600961 lok: 36529830 205 exp: 36529830 205 1 #EPN 201B/01 $013-10-15 $t08:43:35.000 201C/01 $013-10-15 201U/01 $0utf8 203@/01 $0761797114 208@/01 $a13-10-15 $bz 209A/01 $a085 8 2015/02710 $di $f000 $x00 209C/01 $a1 2015/06914-D 209G/01 $a55579920 $x00 220D/01 $aAus: Privatbibliothek Reich-Ranicki, Anstreichungen 244Z/01 $#Reich-Ranicki, Marcel $#Reich, Marcel $#Reich, Marceli $#Raïch-Ranitski, Marsel $#Raihi-Ranich'ŭk'i, Marŭsel $#Raihi-Ranitsuki, Maruseru $#Raihi-Ranitsuki, M. $#Raikh-Ranitsḳi, Marsel $#Rajch-Ranickij, Marsel' $#Rajh-Ranicki, Marsel $#Ranicki, Marcel Reich- $#Ranicki, Marceli $#Ranickij, Marsel' Rajch- $#Ranitski, Marsel Raïch- $#Ranitsuki, Maruseru Raihi- $#Laihi-Lanicheuki, Maleusel $#Laixi-Laniciji, Masaier $#Ma leu sel La i hi-La ni cheu ki $#Maleusel-Laihi-Lanicheuki $#Ma sai er Lai xi-La ni ci ji $#Masaier-Laixi-Laniciji $#Hart, Wiktor $#Ranicki, Marcel R.- $#ライヒ=ラニツキ, マルツェル $#ライヒ=ラニツキ, マルセル $7118599194 $8--Tp1--Reich-Ranicki, Marcel$Z1920-2013 $x80 $9086940171 247C/01 $8351000-1 <4>Marburg, Universität Marburg, Universitätsbibliothek $9102594767
| LEADER | 00000cam a2200000 c 4500 | ||
|---|---|---|---|
| 001 | 365298301 | ||
| 003 | DE-603 | ||
| 005 | 20250604183635.0 | ||
| 007 | tu | ||
| 008 | 151013s1950 xx |||| | u00||u|ger c | ||
| 035 | |a (DE-599)HEB365298301 | ||
| 035 | |a (OCoLC)925474418 | ||
| 040 | |a DE-603 |b ger |c DE-603 |d DE-603 | ||
| 041 | |a ger | ||
| 082 | 0 | 4 | |8 1\u |a 355.00947109041 |q DE-101 |2 23/BSB |
| 084 | |a GM 7495 |0 (DE-625)42408:11807 |0 (DE-603)408433434 |2 rvk | ||
| 084 | |a GM 7496 |0 (DE-625)42408:11808 |0 (DE-603)408433442 |2 rvk | ||
| 085 | |8 1\u |b 355.009 | ||
| 085 | |8 1\u |z 1 |s 09041 | ||
| 085 | |8 1\u |z 2 |s 437 | ||
| 085 | |8 1\u |z 2 |s 43 | ||
| 085 | |8 1\u |z 2 |s 471 | ||
| 100 | 1 | |a Zweig, Arnold |d 1887-1968 |e Verfasser |4 aut |0 (DE-603)08697839X |0 (DE-588)118637452 |2 gnd | |
| 245 | 0 | 0 | |a Der Streit um den Sergeanten Grischa |b Roman |c Arnold Zweig |
| 264 | 1 | |a Berlin |b BFDS, Bibliothek fortschrittlicher Deutscher Schriftsteller |c 1950 | |
| 300 | |a 503 Seiten | ||
| 336 | |a Text |b txt |2 rdacontent | ||
| 337 | |a ohne Hilfsmittel zu benutzen |b n |2 rdamedia | ||
| 338 | |a Band |b nc |2 rdacarrier | ||
| 500 | |a Lizenzausgabe des Aufbau-Verlags | ||
| 648 | 7 | |a Geschichte 1917 |2 gnd | |
| 650 | 7 | |a Flucht |0 (DE-588)4017598-4 |0 (DE-603)085041114 |2 gnd | |
| 650 | 7 | |a Todesstrafe |0 (DE-588)4060306-4 |0 (DE-603)085167495 |2 gnd | |
| 650 | 7 | |a Erster Weltkrieg |0 (DE-588)4079163-4 |0 (DE-603)085224588 |2 gnd | |
| 650 | 7 | |a Russischer Kriegsgefangener |0 (DE-588)4138103-8 |0 (DE-603)085520373 |2 gnd | |
| 650 | 7 | |a Rechtsstreit |0 (DE-588)4139832-4 |0 (DE-603)085533947 |2 gnd | |
| 651 | 7 | |a Oberost |0 (DE-588)4323019-2 |0 (DE-603)086783416 |2 gnd | |
| 655 | 7 | |a Fiktionale Darstellung |2 gnd-content |0 (DE-588)1071854844 |0 (DE-603)359645615 | |
| 856 | 4 | 2 | |m V:DE-603;B:DE-Mb50 |q application/pdf |u http://scans.hebis.de/HEBCGI/show.pl?36529830_toc.pdf |3 Inhaltsverzeichnis |
| 924 | 0 | |9 Mb 50 |a (DE-603)1124746692 |b DE-Mb50 |c HES |d c |g 20.04007 | |
| 924 | 0 | |9 4 |a (DE-603)761797114 |b DE-4 |c HES |d c |g 085 8 2015/02710 | |


